000 00767cam a2200217 i 4500
001 110989
005 20230410103604.0
008 130712b2007 ve a 000 0 spa
041 0 _aspa
050 1 4 _a120 F 2235.3
_bB689 2007
245 0 0 _aSimón Bolívar :
_bo libertador /
_cprólogo Augusto Mijares; compilacao, notas e cronologia Manuel Pérez Vila
260 _aCaracas, Venezuela :
_bBiblioteca Ayacucho,
_c2007
300 _axxx, 349 p.
600 1 0 _aBolívar, Simón,
_d1783-1830.
650 0 _aHeads of state
_zSouth America
_vBiography.
650 4 _aJefes de estado
_zAmérica del Sur
_vBiografía
600 1 4 _aBolívar, Simón, 1783-1830
_vBiografías.
700 1 _aMijares, Augusto
_eprol.
700 1 _aPérez Vila, Manuel
_ecomp.
942 _2lcc
_cbk
999 _c21953
_d21953